Un estudio sobre la depresión / (Record no. 47867)

MARC details
000 -LEADER
campo de control de longitud fija 00767nam a2200265 i 4500
001 - NÚMERO DE CONTROL
campo de control 47867
003 - IDENTIFICADOR DE NÚMERO DE CONTROL
campo de control ES-MaACL
005 - FECHA Y HORA DE LA ÚLTIMA TRANSACCIÓN
campo de control 20250814063214.0
007 - CAMPO FIJO DE DESCRIPCIÓN FÍSICA--INFORMACIÓN GENERAL
campo de control de longitud fija t|
008 - DATOS DE LONGITUD FIJA--INFORMACIÓN GENERAL
campo de control de longitud fija 030623s2002 sp ||||0| spa j
020 ## - NÚMERO INTERNACIONAL ESTÁNDAR DEL LIBRO
Número Internacional Estándar del Libro 84-8307-431-1
040 ## - FUENTE DE CATALOGACIÓN
Centro catalogador/agencia de origen M-BN
Lengua de catalogación spa
Centro/agencia transcriptor M-BN
080 ## - NÚMERO DE LA CLASIFICACIÓN DECIMAL UNIVERSAL
Número de la Clasificación Decimal Universal 616.895.4
100 1# - ENTRADA PRINCIPAL--NOMBRE DE PERSONA
Nombre de persona Castilla del Pino, Carlos,
Fechas asociadas al nombre 1922-2009
9 (RLIN) 36651
245 13 - MENCIÓN DEL TÍTULO
Título Un estudio sobre la depresión /
Mención de responsabilidad, etc. Carlos Castilla del Pino.
250 ## - MENCION DE EDICION
Mención de edición 1ª ed. en esta colección.
260 ## - PUBLICACIÓN, DISTRIBUCIÓN, ETC.
Lugar de publicación, distribución, etc. Barcelona :
Nombre del editor, distribuidor, etc. Península,
Fecha de publicación, distribución, etc. 2002.
300 ## - DESCRIPCIÓN FÍSICA
Extensión 591 p ;
Dimensiones 24 cm.
490 1# - MENCIÓN DE SERIE
Mención de serie Atalaya ;
Designación de volumen o secuencia 87
500 ## - NOTA GENERAL
Nota general Indice.
650 14 - PUNTO DE ACCESO ADICIONAL DE MATERIA--TÉRMINO DE MATERIA
Término de materia o nombre geográfico como elemento de entrada Depresión mental.
9 (RLIN) 11597
830 0# - PUNTO DE ACCESO ADICIONAL DE SERIE-TÍTULO UNIFORME
Título uniforme Atalaya ;
Designación de volumen o secuencia 87
9 (RLIN) 180261
852 ## - LOCALIZACIÓN
Ubicación ES-MaACL
Número de control de estantería L-26421
Sublocalización o colección R.131465
Holdings
Estatus retirado Estado de pérdida Estado de daño No para préstamo Biblioteca de origen Biblioteca actual Ubicación en estantería Fecha de adquisición Fuente de adquisición Total de préstamos Signatura topográfica completa Código de barras Visto por última vez Precio de reemplazo Tipo de ítem Koha
        Biblioteca del Ateneo de Madrid Biblioteca del Ateneo de Madrid Depósito 2 17/01/2008     L-26421 1050376 23/02/2023 23/02/2023 Libro impreso